[Event "Orsha blitz op"]
[Site "Orsha"]
[Date "2018.02.03"]
[Round "3"]
[White "Grishchenko, Sergey"]
[Black "Milevich, Andrey"]
[Result "1-0"]
[WhiteElo "2461"]
[BlackElo "2213"]
[PlyCount "127"]
[EventDate "2018.02.03"]
[EventType "swiss (blitz)"]
[EventRounds "9"]
[EventCountry "BLR"]
[SourceTitle "CBM 182 Extra"]
[Source "ChessBase"]
[SourceDate "2018.02.23"]
[SourceVersion "1"]
[SourceVersionDate "2018.02.23"]
[SourceQuality "1"]

1. d4 Nf6 2. c4 c5 3. d5 b5 4. cxb5 a6 5. bxa6 g6 6. Nc3 Bg7 7. e4 0-0 8. Nf3 Qa5 9. Nd2 Bxa6 10. Bxa6 Qxa6 11. Qe2 e6 12. dxe6 fxe6 13. Nb3 Qxe2+ 14. Kxe2 Na6 15. Be3 Rfc8 16. Rhd1 c4 17. Nd2 d5 18. exd5 exd5 19. Nf3 Nb4 20. Bd4 Re8+ 21. Kf1 Nd3 22. Rab1 Ra5 23. b4 Ra3 24. b5 Ng4 25. Bxg7 Kxg7 26. Nxd5 Ngxf2 27. Rd2 Ne4 28. Re2 c3 29. b6 Ndc5 30. Ke1 c2 31. Rxc2 Nc3+ 32. Kf1 Nxb1 33. Rxc5 Rxa2 34. Rb5 Nd2+ 35. Nxd2 Rxd2 36. b7 Ree2 37. Nf4 Re8 38. b8Q Rxb8 39. Rxb8 g5 40. Ne2 h6 41. Kf2 Ra2 42. Rb6 Ra3 43. Nd4 Ra5 44. g4 Ra2+ 45. Kf3 Rxh2 46. Nf5+ Kh7 47. Ke4 h5 48. Rh6+ Kg8 49. Rxh5 Rf2 50. Rxg5+ Kf7 51. Rh5 Kg6 52. Nh4+ Kg7 53. Rg5+ Kh7 54. Rf5 Rh2 55. Nf3 Re2+ 56. Kf4 Ra2 57. Kg5 Ra6 58. Ne5 Ra4 59. Rf7+ Kg8 60. Re7 Ra5 61. Kh6 Ra6+ 62. Ng6 Ra7 63. Re8+ Kf7 64. Rf8+ 1-0